El proceso civil (Registro nro. 3360)
[ vista simple ]
| 000 -LEADER | |
|---|---|
| fixed length control field | 02003 a2200349 4500 |
| 001 - CONTROL NUMBER | |
| control field | 41092 |
| 005 - DATE AND TIME OF LATEST TRANSACTION | |
| control field | 20260407155704.0 |
| 008 - FIXED-LENGTH DATA ELEMENTS--GENERAL INFORMATION | |
| fixed length control field | 260407a1995 arg spa d |
| 003 - CONTROL NUMBER IDENTIFIER | |
| control field | AR-UNSa-BCEJYS |
| 040 ## - CATALOGING SOURCE | |
| Original cataloging agency | AR-UNSa-BCEJYS |
| Language of cataloging | spa |
| Transcribing agency | AR-UNSa-BCEJYS |
| 080 ## - UNIVERSAL DECIMAL CLASSIFICATION NUMBER | |
| Universal Decimal Classification number | 347.91 |
| Common auxiliary subdivision | Procedimientos civiles particulares (Derecho Procesal Civil) |
| 020 ## - INTERNATIONAL STANDARD BOOK NUMBER | |
| International Standard Book Number | 950-894-015-8 |
| 041 ## - LANGUAGE CODE | |
| Language code of text/sound track or separate title | spa |
| 100 1# - MAIN ENTRY--PERSONAL NAME | |
| Personal name | Calosso, Severo J. |
| 245 10 - TITLE STATEMENT | |
| Title | El proceso civil |
| Name of part/section of a work | Buenos Aires y Nación |
| 264 #1 - PRODUCTION, PUBLICATION, DISTRIBUTION, MANUFACTURE, AND COPYRIGHT NOTICE | |
| Place of production, publication, distribution, manufacture | Buenos Aires : |
| Name of producer, publisher, distributor, manufacturer | AD-HOC |
| Date of production, publication, distribution, manufacture, or copyright notice | 1995 |
| 300 ## - PHYSICAL DESCRIPTION | |
| Extent | 2 v. (373 ; 90 p.) |
| Dimensions | 23 cm. |
| 505 ## - FORMATTED CONTENTS NOTE | |
| Formatted contents note | Vol. I: 1. Los recursos procesales - 2. Procedimiento en segunda instancia - 3. Procesos sumarios y sumarísimos - 4. Justicia de Paz letrada de la Provincia de Buenos Aires - 5. Medidas cautelares - 6. Juicio ejecutivo - 7. Procesos voluntarios - 8. Modos anormales de terminación del proceso - 9. Los tribunales de familia en la Provincia de Buenos Aires -- Vol. II: 1. La mediación - 2. Ejecución de sentencias: tratados. Mercosur - 3. Ley 24.441. Las letras hipotecarias. Su ejecución. Pautas sobre ejecución hipotecaria incorporadas al Código Cívil. Modificaciones al Código Procesal Civil y Comercial de la Nación - 4. Honorarios de peritos - 5. Régimen de la prueba - 6. Ejecuciones y procesos especiales - 7. Habeas data - 8. Exclusión o reintegro al hogar como medida cautelar - 9. Demanda por declaración de inconstitucionalidad y conflictos de poderes - |
| 590 ## - LOCAL NOTE (RLIN) | |
| Local note | niveau_biblio:m niveau_hierar:0 |
| 700 1# - ADDED ENTRY--PERSONAL NAME | |
| Personal name | Witthaus, Rodolfo Ernesto |
| 700 1# - ADDED ENTRY--PERSONAL NAME | |
| Personal name | Iacobelli, Graciela S. |
| 700 1# - ADDED ENTRY--PERSONAL NAME | |
| Personal name | Jarowitzky, Patricia A. |
| 700 1# - ADDED ENTRY--PERSONAL NAME | |
| Personal name | Pedemonte, Susana G. |
| 700 1# - ADDED ENTRY--PERSONAL NAME | |
| Personal name | Suares, Roberto C. |
| 700 1# - ADDED ENTRY--PERSONAL NAME | |
| Personal name | Suárez, Ricardo H. |
| 700 1# - ADDED ENTRY--PERSONAL NAME | |
| Personal name | Vallejos, Mario A. |
| 700 1# - ADDED ENTRY--PERSONAL NAME | |
| Personal name | Maffía, Leticia Mónica |
| 700 1# - ADDED ENTRY--PERSONAL NAME | |
| Personal name | Pedemonte, Susana Graciela |
| 700 1# - ADDED ENTRY--PERSONAL NAME | |
| Personal name | Vázquez Seoane, Daniel |
| 856 41 - ELECTRONIC LOCATION AND ACCESS | |
| Uniform Resource Identifier | <a href="https://biblioeco.unsa.edu.ar/pmb/images/libros/L126364.jpg">https://biblioeco.unsa.edu.ar/pmb/images/libros/L126364.jpg</a> |
| Link text | Imagen de portada |
| Electronic format type | image/jpeg |
| 942 ## - ADDED ENTRY ELEMENTS (KOHA) | |
| Koha item type | |
| Withdrawn status | Lost status | Damaged status | Not for loan | Home library | Current library | Shelving location | Date acquired | Total checkouts | Full call number | Barcode | Date last seen | Price effective from | Koha item type |
|---|---|---|---|---|---|---|---|---|---|---|---|---|---|
| Biblioteca Prof. Eusebio Cleto del Rey | Biblioteca Prof. Eusebio Cleto del Rey | 07/04/2026 | 347.91 W827 v.1 | L126364 | 07/04/2026 | 07/04/2026 | Libro | ||||||
| Biblioteca Prof. Eusebio Cleto del Rey | Biblioteca Prof. Eusebio Cleto del Rey | 07/04/2026 | 347.91 W827 v.2 | L126365 | 07/04/2026 | 07/04/2026 | Libro |